| 000 | 03974cam a22003975i 4500 | ||
|---|---|---|---|
| 001 | in01260000324 | ||
| 003 | OSt | ||
| 005 | 20260427115108.0 | ||
| 007 | t| | ||
| 008 | 260202s2026 enk b 001 0 eng d | ||
| 010 | _a 2026348018 | ||
| 020 |
_a9781041102533 _qhardback |
||
| 020 |
_a9781041102601 _qpaperback |
||
| 020 |
_z9781040433249 _qePub ebook |
||
| 020 |
_z9781040433195 _qPDF ebook |
||
| 040 |
_aMMARA-U _beng _eMMARA-U _cMMARA-U _dMMARA-U |
||
| 050 | 1 | 4 |
_aK235 _b.E96 2026 |
| 245 | 0 | 4 |
_aThe evolution of justice, equity and equality : _bpractical wisdom from the past / _cedited by Iwona Barwicka-Tylek, Jan Halberda, Maciej Mikuła. |
| 260 |
_aLondon : _bRoutledge, _c2026. |
||
| 264 | 1 |
_aLondon : _bRoutledge, _c2026. |
|
| 300 |
_ax, 203 pages : _c24 cm |
||
| 490 | 0 | _aRoutledge studies in comparative legal history | |
| 500 | _aIncludes bibliographical references and index. | ||
| 504 | _aIncludes bibliographical references and index. | ||
| 505 | 0 | _aIntroduction: Kaleidoscope / Iwona Barwicka-Tylek, Jan Halberda, and Maciej Mikuła -- 1. The historians craft and ethical values. A lesson from Aristotle / Iwona Barwicka-Tylek -- 2. Justice as an empty principle in post-structuralist legal thought. Towards neohistorical Jurisprudence? / Tomás Gábri -- Part 1. Law & Justice -- 3. The concept of justice in Polish municipal law in the 16th18th Centuries / Maciej Mikuła -- 4. Good morals as the yardstick of Cartels validity in Hungarian private law at the turn of the 20th Century / Norbert Varga -- Part 2. Law & equity -- 5. Legitimacy and equity in the 11th century? Age-old Messages from Susali / Adrian Schmidt-Recla -- 6. Visions of equity / Guido Rossi -- 7. The concept of equity in Austrian private law. From the origins of the Austrian General Civil Code (ABGB) to the present day / Kamila Staudigl-Ciechowicz -- Part 3. Law & equality -- 8. Liberty and inequality in Ciceros Oratio Pro Sestio / Francisco J. Andrés Santos -- 9. Equity and equality in Richard Franciss Maxims of Equity / Jan Halberda | |
| 520 | _a"This book presents a comprehensive exploration of historical perspectives on justice, equity, and equality, which have been, and still are, considered as the core values of any balanced political system. Combining historical methodology with wider philosophical and ethical insights, the volume offers a unique contribution to the fields of legal history, legal heritage, and legal culture. Bringing together scholars who specialise in different historical periods, the book covers a variety of concepts and practices, but also identifies some universal ideas about justice, equity, and equality that have been stimulating the development of the European political and legal tradition throughout the ages. In this way, it provides a multidisciplinary approach that advances the field of legal studies. By bridging the disciplines of history, law, and philosophy, the book demonstrates the interconnectedness of these fields and highlights how historical legal concepts can inform contemporary discussions. As such, it will be a valuable resource for academics and researchers working in these and related areas." -- The publisher. | ||
| 650 | 0 |
_aLaw _xPhilosophy _0http://id.loc.gov/authorities/subjects/sh85075139 _93185 |
|
| 650 | 0 |
_aLaw _xHistory _0http://id.loc.gov/authorities/subjects/sh85075133 _93186 |
|
| 650 | 6 |
_aDroit _xHistoire _93187 |
|
| 650 | 7 |
_aLaw _xPhilosophy _2fast _93185 |
|
| 650 | 7 |
_aLaw _xHistory _2fast _0http://id.worldcat.org/fast/993743 _0(OCoLC)fst00993743 _93186 |
|
| 700 | 1 |
_aHalberda, Jan _eeditor _4http://id.loc.gov/vocabulary/relators/edt _93188 |
|
| 700 | 1 |
_aMikuła, Maciej _eeditor _4http://id.loc.gov/vocabulary/relators/edt _0http://id.loc.gov/authorities/names/no2017118305 _93189 |
|
| 776 | 1 |
_iEbook version _4http://id.loc.gov/entities/relationships/ebookversion _tThe evolution of justice, equity and equality : practical wisdom from the past _z9781040433249 |
|
| 942 |
_2lcc _cLOAN LOAN |
||
| 999 |
_c33535 _d33532 |
||